000
00304 a2200145 4500
001
76249
020
_a
85-322-4508-0
040
_c
Anchieta - Colégio São Paulo
240
1
0
_a
Brasil indígena
_l
por
245
1
0
_a
Brasil indígena
300
_a
263
362
0
_a
2000
650
4
_a
Brasil
942
_c
BK
999
_c
76249
_d
76249